000 00368nam a2200169Ia 4500
100 _aThareja/Reema
650 _aDatawarehousing
942 _cBK
366 _f25
654 _adatawarehousing
245 _aDatawarehousing
260 _bOxford university press
_c2009
082 _a4.56
_bTHA
300 _a474
546 _aENGLISH
_celectronics
999 _c19948
_d19948